Statystyki dla Jaki to piłkarz? #10

Kliknij tutaj aby rozwiązać quiz!

Ogólne statystyki

  • Ten quiz został rozwiązany 141 razy
  • Średni wynik to 6 z 15

Statystyki odpowiedzi

OpisOdpowiedź% Poprawnych
Włoski skrzydłowy, uważany za przyszłość tamtejszej reprezentacji. Wychowanek Fiorentiny, z której został wypożyczony do Turynu.Federico Chiesa
66%
Niezwykle bramkostrzelny Brytyjczyk, który ma na swoim koncie już niemal 50 występów w kadrze narodowej, której jest kapitanem. Dwukrotny król strzelców Premier League oraz król strzelców Mistrzostw Świata w 2018 roku. W 2015 roku został uznany Odkryciem Roku angielskiej ekstraklasy.Harry Kane
64%
Zdobywca Złotej Piłki z 2006 roku. Jedyny obrońca, który wygrał ten plebiscyt.Fabio Cannavaro
61%
Środkowy pomocnik rodem z Ghany. Kapitan swojej reprezentacji. Były zawodnik Atletico Madryt, w którym spędził 8 lat.Thomas Partey
54%
Piłkarz pochodzący z Afryki. Szybki i energiczny skrzydłowy. Zdobywca Ligi Mistrzów oraz triumfator Premier League. Prywatnie przyjaciel Sheck Wesa - popularnego rapera.Sadio Mane
52%
Polski pomocnik, znany ze swojej bezpardonowej gry i brutalnych wśligów. Były zawodnik Jagielloni Białystok. Obecnie gra na bułgarskich boiskach.Jacek Góralski
48%
Ostatnio głośno się o nim zrobiło za sprawą Taco Hemingwaya, który przypomniał o pewnych urodzinach tego piłkarza, na których zjawiły się tylko dwie osoby. Były zawodnik m.in. Realu Madryt czy Chelsea Londyn.Michael Essien
43%
Serbski obrońca, który posiada także niemieckie obywatelstwo. To właśnie w Niemczech spędził większość swojej kariery, broniąc barw Borussii Dortmund, Schalke, Koln i Unionu Berlin. Najbardziej kojarzony z występami w Dortmundzie.Neven Subotic
39%
Turecko-niemiecki pomocnik, były zawodnik m.in. Dortmundu czy Realu Madryt. Ostatnimi czasy zawodnik Werderu Brema, skąd przeszedł do ligi tureckiej. Urodzony w 1988 roku.Nuri Sahin
38%
Argentyńsko-włoska krew. Środkowy pomocnik z usposobieniem ofensywnym. Swoją przygodę z europejską piłką zaczął w West Hamie, gdzie gra po dziś. Będąc piłkarzem "Młotów" został wypożyczony do katarskiego zespołu.Manuel Lanzini
34%
Urugwajski pomocnik grający w czerwonej części Londynu.Lucas Torreira
33%
Brazylijczyk z hiszpańskimi korzeniami. W swoim dorobku ma m.in. dwukrotne Mistrzostwo Hiszpanii z Realem Madryt, Mistrzostwo Włoch z Milanem czy dwukrotne Mistrzostwo Brazylii z Santosem. Fani Manchesteru City wspominają go z utęsknieniem, ponieważ był jednym z pierwszych zawodników "Obywateli" w erze petrodolarów.Robinho
30%
Portugalski boczny obrońca. Zrobiło się o nim głośno za sprawą świetnych występów w Premier League w sezonie 2019/20.Ricardo Pereira
21%
Francuz silnie kojarzony z występami w barwach Chelsea. Rozegrał łącznie 364 spotkania w Premier League. Dwukrotny zdobywca Ligi Mistrzów oraz jednokrotny Mistrz Europy. Karierę zakończył w Indiach, a obecnie pracuje jako trener pionu juniorskiego w akademii Lille.Nicolas Anelka
17%
Legenda angielskich boisk. Grając przez 6 lat w jednym z niebieskich klubów, zdążył zebrać sympatię kibiców całej ligi. Nominalny skrzydłowy, lecz z końcem swojej kariery - przemianowany na środek pola. Co ciekawe - zagrał w dwóch reprezentacjach! We francuskich barwach rozegrał 80 spotkań, natomiast w barwach Gujany Francuskiej 4. Karierę zakończył w 2018 po nieciekawym epizodzie w Luksemburgu.Florent Malouda
10%

Rozkład punktacji

Percentyl według liczby udzielonych odpowiedzi

Procent ludzi z każdym wynikiem

Twoja historia wyników

Nie rozwiązałeś tego quizu